'P' in Europe Quiz Stats

 Plays Quiz Updated Jun 4, 2018

Score 0/16 Timer 05:00
1 Play Today
Hint Answer % Correct
Which city in Tuscany is famous for its 'Leaning Tower'?Pisa
95.1%
What is the capital city of Czechia, known for its architecture?Prague
88.3%
What country had a strike of over 16,000 workers at the Lenin Shipyard in Gdansk in 1980?Poland
81.7%
What country is home to the Vasco da Gama Bridge, the longest bridge in Europe?Portugal
77.1%
Which ancient temple in Athens was dedicated to the goddess Athena?Parthenon
77%
What city did the 'Pilgrim Fathers' depart from in Devon, England on their sail to the Americas in 1620?Plymouth
66.5%
Which city is the capital of Sicily?Palermo
65.1%
What is the capital and largest city of Kosovo?Pristina
56.1%
Hint Answer % Correct
Which city in the Italian region of Emilia-Romagna is famous for its prosciutto, cheese and architecture?Parma
54.4%
Which city is the capital of Montenegro?Podgorica
51%
Which city in western Bohemia is known worldwide for its beer?Plzeň
49.6%
Which historical province of southeast France borders the Mediterranean Sea and Italy?Provence
47.2%
Which ancient monument in Rome houses the tomb of Italian painter and architect Raphael?Pantheon
47.2%
What name was St. Petersburg known by from 1914 until 1924?Petrograd
45.5%
Which city is the capital of the Spanish owned Balearic Islands?Palma
39.2%
Which abandoned Ukrainian city contains Chernobyl, site of the 1986 nuclear disaster?Pripyat
20.4%

You're not logged in!

Compare scores with friends on all Sporcle quizzes.
OR
Log In

You Might Also Like...

Show Comments

Extras

Top Quizzes Today


Score Distribution

Your Account Isn't Verified!

In order to create a playlist on Sporcle, you need to verify the email address you used during registration. Go to your Sporcle Settings to finish the process.

Report this User

Report this user for behavior that violates our Community Guidelines.

Details: